Marketing globálnej firmy diplomová práca

Guardado en:
Detalles Bibliográficos
Autor principal: Hanko, Lukáš
Autor Corporativo: Obchodná fakulta EU. Katedra marketingu
Otros Autores: Balhar, Vítězslav, Jr
Formato: Libro
Lenguaje:eslovaco
Publicado: Bratislava 2018
Etiquetas: Agregar Etiqueta
Sin Etiquetas, Sea el primero en etiquetar este registro!

MARC

LEADER 00000nbm a2200000 4500
001 0243388
005 20180817104023.8
041 0 |a slo 
044 |a SK 
245 1 0 |a Marketing globálnej firmy  |b diplomová práca  |c Lukáš Hanko ; školiteľ: Vítězslav Balhar 
264 1 |a Bratislava  |c 2018 
300 |a 93 s. 
100 1 |a Hanko, Lukáš 
700 1 |a Balhar, Vítězslav, Jr. 
710 2 |a Obchodná fakulta EU. Katedra marketingu